[Event "AUTO-ADV-2978"]
[Site "http://www.queenalice.com/game.php?id=1224306"]
[Date "2013.10.13"]
[Round "1"]
[White "ThiagoTanaka"]
[Black "rubenov"]
[Result "1-0"]
[WhiteElo "1892"]
[BlackElo "1980"]

1. d4 d5 2. c4 e6 3. c5 c6 4. Nf3 Nf6 5. e3 Nbd7 6. Bd3 Qe7 7. O-O Ne4 8. Nbd2
Ndf6 9. b3 h6 10. Qc2 Nxd2 11. Bxd2 a6 12. Ba5 Ng4 13. h3 Nf6 14. Ne5 Nd7 15.
Nxd7 Qxd7 16. f4 f5 17. Qe2 Qf7 18. Rf3 Be7 19. Bc7 Bxc5 20. Be5 Be7 21. Rg3 Bf6
22. Bxf6 Qxf6 23. Qh5+ Kd7 24. Rg6 Qf7 25. Rf1 Kc7 26. Rf3 Bd7 27. Rfg3 Rag8 28.
Kf2 Kd6 29. Bxf5 Qxf5 30. Qxf5 1-0

[Event "AUTO-ADV-2978"]
[Site "http://www.queenalice.com/game.php?id=1224317"]
[Date "2013.10.13"]
[Round "1"]
[White "ThiagoTanaka"]
[Black "mauricio_sm"]
[Result "1/2-1/2"]
[WhiteElo "1954"]
[BlackElo "2010"]

1. d4 Nf6 2. c4 e6 3. Nc3 b6 4. Nf3 Bb7 5. e3 Bb4 6. Be2 Ne4 7. Bd2 Nxd2 8. Qxd2
d6 9. O-O Nd7 10. a3 Bxc3 11. Qxc3 Nf6 12. Rfd1 O-O 13. Nd2 Ne4 14. Nxe4 Bxe4
15. Bd3 f5 16. Bxe4 fxe4 17. Qc2 d5 18. c5 bxc5 19. Qxc5 Qb8 20. b4 Qb6 21. Rdc1
Qxc5 22. Rxc5 Rf7 23. Rac1 Rc8 24. Ra5 c6 25. Ra6 Rfc7 26. Rc5 Kf7 27. Kf1 Kf6
28. Ke2 e5 29. dxe5+ Kxe5 30. Rca5 Ra8 31. Rc5 Rac8 32. Rca5 Ra8 33. Rc5 Rac8
1/2-1/2

[Event "AUTO-ADV-2978"]
[Site "http://www.queenalice.com/game.php?id=1224318"]
[Date "2013.10.13"]
[Round "1"]
[White "mauricio_sm"]
[Black "ThiagoTanaka"]
[Result "0-1"]
[WhiteElo "2046"]
[BlackElo "1934"]

1. e4 c6 2. d4 d5 3. exd5 cxd5 4. Nf3 Bf5 5. Bd3 Bxd3 6. Qxd3 Nf6 7. Qb5+ Qd7 8.
Nc3 e6 9. Ne5 Qxb5 10. Nxb5 Na6 11. O-O Be7 12. b3 O-O 13. Bg5 Rac8 14. Bxf6
Bxf6 15. Nd7 Rfd8 16. Nxf6+ gxf6 17. Rac1 Nb4 18. c3 Nxa2 19. Ra1 Nxc3 20. Nxc3
Rxc3 21. Rfb1 a6 22. h3 Rdc8 23. Ra4 Rd3 24. Kf1 Rcc3 25. Rb4 b5 26. Ke2 e5 27.
dxe5 fxe5 28. Rg4+ Kf8 29. b4 Rb3 30. Ra1 Ra3 31. Rc1 Rdb3 32. Rc5 Rb2+ 0-1

[Event "Challenge"]
[Site "http://www.queenalice.com/game.php?id=1232252"]
[Date "2013.11.14"]
[Round "-"]
[White "ThiagoTanaka"]
[Black "Sofian"]
[Result "0-1"]
[WhiteElo "1912"]
[BlackElo "1855"]

1. d4 Nf6 2. c4 Nc6 3. Nc3 e5 4. d5 Ne7 5. e4 Ng6 6. Nf3 Bc5 7. Be2 O-O 8. O-O
d6 9. b3 Bb4 10. Bb2 Bxc3 11. Bxc3 Nxe4 12. Bb2 Nf4 13. Nd2 Nxd2 14. Qxd2 Qg5
15. g3 Nh3+ 0-1

[Event "AUTO-ADV-3010"]
[Site "http://www.queenalice.com/game.php?id=1233636"]
[Date "2013.11.20"]
[Round "1"]
[White "ThiagoTanaka"]
[Black "Corvidae"]
[Result "0-1"]
[WhiteElo "1819"]
[BlackElo "1871"]

1. d4 Nf6 2. c4 e6 3. Nc3 Bb4 4. e3 Bxc3+ 5. bxc3 c6 6. Nf3 d5 7. cxd5 exd5 8.
c4 h6 9. g3 Bf5 10. c5 Nbd7 11. Bg2 Bg4 12. O-O b6 13. h3 Bh5 14. Qc2 bxc5 15.
dxc5 Rb8 16. Bd2 Rb5 17. Qa4 a5 18. Rfc1 Bxf3 19. Bxf3 Nxc5 20. Qc2 O-O 21. Rab1
Rxb1 22. Rxb1 Nfd7 23. Qc3 Qf6 24. Qxf6 Nxf6 25. Bxa5 Ra8 26. Bb4 Nce4 27. Rc1
Rxa2 28. Bxe4 Nxe4 29. Rxc6 Rxf2 30. Rc8+ Kh7 0-1

[Event "AUTO-ADV-3010"]
[Site "http://www.queenalice.com/game.php?id=1233637"]
[Date "2013.11.20"]
[Round "1"]
[White "Corvidae"]
[Black "ThiagoTanaka"]
[Result "1-0"]
[WhiteElo "1885"]
[BlackElo "1805"]

1. Nf3 d5 2. d4 c6 3. c4 Bf5 4. Nc3 h6 5. Bf4 Nf6 6. e3 Nbd7 7. h3 e6 8. Bd3
Bxd3 9. Qxd3 Be7 10. c5 O-O 11. O-O b6 12. b4 a5 13. a3 a4 14. Ne5 Nxe5 15. Bxe5
b5 16. f3 Nd7 17. Bh2 Bf6 18. e4 dxe4 19. Nxe4 Be7 20. Bd6 Bxd6 21. Nxd6 Nf6 22.
Ne4 Nxe4 23. Qxe4 Qd5 24. Qxd5 exd5 25. Rfe1 Rae8 26. Rxe8 Rxe8 27. Kf2 f5 28.
Re1 Rxe1 29. Kxe1 g5 30. g4 fxg4 31. hxg4 1-0

[Event "AUTO-ADV-3010"]
[Site "http://www.queenalice.com/game.php?id=1233638"]
[Date "2013.11.20"]
[Round "1"]
[White "ThiagoTanaka"]
[Black "josebaron"]
[Result "0-1"]
[WhiteElo "1898"]
[BlackElo "1958"]

1. d4 d5 2. c4 c6 3. c5 Nf6 4. Nc3 Bf5 5. Nf3 e6 6. e3 Be7 7. Be2 Ne4 8. O-O O-O
9. Nd2 Nd7 10. Bf3 Nxc3 11. bxc3 e5 12. c4 exd4 13. exd4 Bf6 14. Nb3 dxc4 15.
Na5 Qxa5 0-1

[Event "AUTO-ADV-3010"]
[Site "http://www.queenalice.com/game.php?id=1233639"]
[Date "2013.11.20"]
[Round "1"]
[White "josebaron"]
[Black "ThiagoTanaka"]
[Result "1-0"]
[WhiteElo "1951"]
[BlackElo "1830"]

1. e4 c6 2. d4 d5 3. e5 Bf5 4. Nf3 h6 5. Bd3 Bxd3 6. Qxd3 e6 7. O-O Bb4 8. c4
dxc4 9. Qxc4 Ba5 10. Bd2 Bxd2 11. Nbxd2 Ne7 12. Ne4 O-O 13. Nd6 Qc7 14. b4 Nd7
15. a4 Nd5 16. b5 cxb5 17. Qxb5 b6 18. Rfc1 Qd8 19. h3 Ne7 20. Rc2 Nc8 21. Nxc8
Rxc8 22. Rac1 Rxc2 23. Rxc2 Nb8 24. g3 Qd7 25. Qxd7 Nxd7 26. Rc7 1-0

[Event "AUTO-ADV-3010"]
[Site "http://www.queenalice.com/game.php?id=1233640"]
[Date "2013.11.20"]
[Round "1"]
[White "ThiagoTanaka"]
[Black "Mikalus"]
[Result "0-1"]
[WhiteElo "1849"]
[BlackElo "1784"]

1. d4 d5 2. c4 e6 3. cxd5 exd5 4. Nf3 Nf6 5. e3 Bb4+ 6. Bd2 Nc6 7. Bd3 Ne4 8.
O-O O-O 9. Nc3 Nxd2 10. Nxd2 Be6 11. Qb3 Bxc3 12. bxc3 Na5 13. Qc2 b6 14. Rfc1
Qg5 15. Bxh7+ Kh8 16. Nf3 Qh6 17. Bd3 c5 18. dxc5 bxc5 19. Qa4 c4 20. Be2 Nb7
21. Rab1 Nc5 22. Qc6 Rfc8 23. Qd6 a6 24. Nd4 Ne4 0-1

[Event "AUTO-ADV-3010"]
[Site "http://www.queenalice.com/game.php?id=1233641"]
[Date "2013.11.20"]
[Round "1"]
[White "Mikalus"]
[Black "ThiagoTanaka"]
[Result "0-1"]
[WhiteElo "1797"]
[BlackElo "1846"]

1. e4 c6 2. d4 d5 3. e5 Bf5 4. Nc3 e6 5. Bd3 Bxd3 6. Qxd3 Nd7 7. Nf3 Bb4 8. O-O
Ne7 9. a3 Ba5 10. b4 Bc7 11. Ne2 O-O 12. c3 Nf5 13. Ng3 Nxg3 14. hxg3 f6 15. g4
fxe5 16. Nxe5 Nxe5 17. dxe5 Bxe5 18. Qh3 Bxc3 19. Rb1 e5 20. Bb2 Bxb2 21. Rxb2
e4 22. Qh5 Rf6 23. Re2 Rh6 0-1

[Event "AUTO-ADV-2904"]
[Site "http://www.queenalice.com/game.php?id=1233756"]
[Date "2013.11.20"]
[Round "2"]
[White "jupar"]
[Black "ThiagoTanaka"]
[Result "1-0"]
[WhiteElo "1892"]
[BlackElo "1880"]

1. d4 c6 2. Nf3 d5 3. Nbd2 Bf5 4. g3 e6 5. Bg2 Nf6 6. O-O Bd6 7. a3 O-O 8. Re1
Nbd7 9. c4 dxc4 10. e4 Bg4 11. e5 Bxf3 12. Bxf3 1-0

[Event "AUTO-ADV-2904"]
[Site "http://www.queenalice.com/game.php?id=1233757"]
[Date "2013.11.20"]
[Round "2"]
[White "ThiagoTanaka"]
[Black "jupar"]
[Result "0-1"]
[WhiteElo "1860"]
[BlackElo "1992"]

1. d4 d5 2. c4 e6 3. cxd5 exd5 4. Nc3 Nf6 5. Nf3 Bd6 6. e3 Bg4 7. h3 Bd7 8. Bd3
O-O 9. O-O c6 10. b3 Re8 11. Na4 b6 12. Nc3 Qe7 13. a4 g6 14. Nb1 Ne4 15. Nbd2
Bf5 16. Nxe4 dxe4 0-1

[Event "AUTO-ADV-2904"]
[Site "http://www.queenalice.com/game.php?id=1233758"]
[Date "2013.11.20"]
[Round "2"]
[White "ezat"]
[Black "ThiagoTanaka"]
[Result "1-0"]
[WhiteElo "2042"]
[BlackElo "1792"]

1. e4 c6 2. d4 d5 3. Nc3 dxe4 4. Nxe4 Bf5 5. Ng3 Bg6 6. h4 h6 7. Nf3 Nf6 8. Ne5
Bh7 9. Bd3 Bxd3 10. Qxd3 e6 11. Bd2 Bd6 12. Ne4 Nxe4 13. Qxe4 Nd7 14. O-O-O Qc7
15. Nc4 O-O-O 16. Rhe1 Nf6 17. Qf3 Rhf8 18. Nxd6+ Rxd6 19. Bf4 1-0

[Event "AUTO-ADV-2904"]
[Site "http://www.queenalice.com/game.php?id=1233759"]
[Date "2013.11.20"]
[Round "2"]
[White "ThiagoTanaka"]
[Black "ezat"]
[Result "0-1"]
[WhiteElo "1772"]
[BlackElo "2085"]

1. d4 Nf6 2. c4 g6 3. Nc3 Bg7 4. Nf3 O-O 5. e4 d6 6. Bd3 e5 7. O-O Nc6 8. d5 Ne7
9. Be3 Ng4 10. Re1 Nxe3 11. Qd2 Ng4 12. h3 Nf6 13. Nh2 Nh5 14. Be2 Nf4 15. Bg4
f5 16. exf5 Nxf5 17. Ne2 Nd4 18. Nxd4 Bxg4 19. Ndf3 Bxf3 20. Nxf3 Nxh3+ 21. gxh3
Rxf3 22. Re3 g5 23. Rxf3 h6 24. Qd3 Qe7 25. Qg6 Rf8 26. Rxf8+ Qxf8 27. Qe6+ Kh7
0-1

[Event "AUTO-ADV-3042"]
[Site "http://www.queenalice.com/game.php?id=1244815"]
[Date "2014.1.3"]
[Round "1"]
[White "Shrimp"]
[Black "ThiagoTanaka"]
[Result "1-0"]
[WhiteElo "1944"]
[BlackElo "1789"]

1. c4 c6 2. b4 d5 3. cxd5 cxd5 4. e3 Bf5 5. d4 Qb6 6. Qa4+ Nd7 7. Bb5 a6 8. Nc3
Rc8 9. Bxd7+ Bxd7 10. Nxd5 Qd6 11. Qb3 Be6 12. e4 Bxd5 13. exd5 1-0

[Event "AUTO-ADV-3042"]
[Site "http://www.queenalice.com/game.php?id=1244816"]
[Date "2014.1.3"]
[Round "1"]
[White "ThiagoTanaka"]
[Black "Shrimp"]
[Result "0-1"]
[WhiteElo "1800"]
[BlackElo "1933"]

1. d4 e6 2. e4 d5 3. e5 c5 4. dxc5 Qa5+ 5. Nc3 Bxc5 6. Bd2 Qb4 7. Qc1 Bxf2+ 8.
Kxf2 Qd4+ 9. Be3 Qxe5 10. Nf3 Qf5 11. Bd3 Qg4 0-1

[Event "AUTO-ADV-3042"]
[Site "http://www.queenalice.com/game.php?id=1244831"]
[Date "2014.1.3"]
[Round "1"]
[White "Lucascg"]
[Black "ThiagoTanaka"]
[Result "1-0"]
[WhiteElo "2094"]
[BlackElo "1775"]

1. e4 c6 2. d4 d5 3. Nc3 dxe4 4. Nxe4 Bf5 5. Ng3 Bg6 6. h4 h6 7. Nf3 Nd7 8. h5
Bh7 9. Bd3 Bxd3 10. Qxd3 Ngf6 11. Bd2 e6 12. O-O-O Qb6 13. Ne4 1-0

[Event "AUTO-ADV-3042"]
[Site "http://www.queenalice.com/game.php?id=1244832"]
[Date "2014.1.3"]
[Round "1"]
[White "ThiagoTanaka"]
[Black "Lucascg"]
[Result "0-1"]
[WhiteElo "1779"]
[BlackElo "2090"]

1. d4 f5 2. c4 e6 3. Nf3 Nf6 4. e3 d5 5. Nc3 c6 6. c5 Nbd7 7. Bd3 Be7 8. O-O O-O
9. b3 Ne4 10. Bb2 Rf6 11. Qc2 Rh6 12. b4 g5 0-1

[Event "AUTO-ADV-3042"]
[Site "http://www.queenalice.com/game.php?id=1244841"]
[Date "2014.1.3"]
[Round "1"]
[White "NickThorp"]
[Black "ThiagoTanaka"]
[Result "1-0"]
[WhiteElo "1605"]
[BlackElo "1769"]

1. e4 c6 2. d4 d5 3. e5 Bf5 4. Bd3 Bxd3 5. Qxd3 e6 6. Nf3 g6 7. O-O Ne7 8. Bg5
Bg7 9. Nc3 O-O 10. Qe3 Nf5 11. Bxd8 Rxd8 12. Qg5 Nd7 13. a4 1-0

[Event "AUTO-ADV-3042"]
[Site "http://www.queenalice.com/game.php?id=1244842"]
[Date "2014.1.3"]
[Round "1"]
[White "ThiagoTanaka"]
[Black "NickThorp"]
[Result "0-1"]
[WhiteElo "1746"]
[BlackElo "1628"]

1. d4 d5 2. c4 dxc4 3. e4 e5 4. d5 Bb4+ 5. Nc3 Nf6 6. Qf3 Bg4 7. Qe3 O-O 8. Be2
Bxe2 9. Nxe2 c6 10. O-O cxd5 11. Nxd5 Nxd5 12. exd5 Qxd5 0-1